Normal view
MARC view
- DICTONARY OF PROVERBS
Entry Topical Term
001 - CONTROL NUMBER
- control field: 59860
003 - CONTROL NUMBER IDENTIFIER
- control field: NUST
005 - DATE AND TIME OF LATEST TRANSACTION
- control field: 20210628202427.0
008 - FIXED-LENGTH DATA ELEMENTS
- fixed length control field: 210628|| aca||aabn | a|a d
040 ## - CATALOGING SOURCE
- Original cataloging agency: NUST
- Transcribing agency: NUST
150 ## - HEADING--TOPICAL TERM
- Topical term or geographic name entry element: DICTONARY OF PROVERBS
670 ## - SOURCE DATA FOUND
- Source citation: Work cat.: (NUST): Wilson, Neil 59859, Dictonary of proverbs, 2004
